00571nam a2200181 a 450000100060000000300090000600800410001502000150005604000280007108200200009910000210011924500700014026000620021030000080027265000380028065000380031865000330035613795CO-ViMGA141112s2004 ck r 000 u spa d a9689281125 aCO-ViMGAbspacCO-ViMGA04aR467.9861 W157d1 aWalton, James W.10aDiccionario Bilingue : bMuinane - Español. Español - Muinane aSantafé de Bogotá : bAlberto Lleras Restrepo, c1997 a21914aDICCIONARIO - ESPAÑOL - MUINANE14aDICCIONARIO - MUINANE - ESPAÑOL14aLENGUAS INDIGENAS - COLOMBIA